000 00549nam a22002297a 4500
003 UA-OsUOA
001 48865
007 ta
008 20070912b un ||||| |||| 00| 0 ukr d
100 _aБратунь Р.
090 _a821.161.2
_bБ87
942 _cBK
040 _aUA-OsUOA
_bukr
_cUA-OsUOA
_dUA-OsUOA
245 _aДвобій
300 _a179 с.
955 _a3
041 _aukr
080 _a821.161.2
260 _aК.
_c1985
650 7 _a82 Література. Літературознавство
_2UDC
999 _c334986
_d334986